[Event "Open de la Loire 2010-2011"]
[Site "Loire"]
[Date "2010.11.06"]
[Round "1.1"]
[White "Longueville, Thomas"]
[Black "Allabrune, Guillaume"]
[Result "1-0"]
[WhiteElo "1788"]
[BlackElo "1460"]
[PlyCount "77"]
[EventDate "2010.??.??"]

1. Nf3 d5 2. g3 Nc6 3. Bg2 Nf6 4. O-O Bf5 5. d3 e6 6. c3 Bd6 7. Nbd2 O-O 8. Re1
h6 9. Qb3 Rb8 10. e4 dxe4 11. dxe4 Bxg3 12. exf5 Bxf2+ 13. Kxf2 Ng4+ 14. Kg1
Qd6 15. Nc4 Qd5 16. Be3 Qxf5 17. h3 Nxe3 18. Nxe3 Qc5 19. Qc4 Qb6 20. Qb3 Qc5
21. Kh1 Rfd8 22. Nc4 a6 23. Nfe5 Nxe5 24. Nxe5 Rd2 25. Nc4 Rxg2 26. Kxg2 Qd5+
27. Kh2 Qc5 28. Re2 b5 29. Nd2 Qd6+ 30. Kg2 Qc6+ 31. Nf3 Rd8 32. Rd1 Rxd1 33.
Qxd1 Qc4 34. Rd2 Qxa2 35. Qc2 g6 36. Rd8+ Kg7 37. Qd2 h5 38. Qd4+ Kh6 39. Rh8#
1-0

[Event "Open de la Loire 2010-2011"]
[Site "Loire"]
[Date "2010.11.06"]
[Round "1.2"]
[White "Brachet, Gerard"]
[Black "Walter, Alain"]
[Result "0-1"]
[WhiteElo "1460"]
[BlackElo "1750"]
[PlyCount "59"]
[EventDate "2010.??.??"]

1. d4 d5 2. Nf3 Nf6 3. e3 e6 4. c4 Be7 5. Nc3 O-O 6. Be2 c5 7. O-O Nc6 8. a3 b6
9. Qd3 dxc4 10. Qxc4 Na5 11. Qd3 Bb7 12. Bd2 c4 13. Qc2 Rc8 14. e4 a6 15. Rad1
b5 16. e5 Nd5 17. Nxd5 Bxd5 18. h4 Nb3 19. Bg5 h6 20. Bxe7 Qxe7 21. g3 Rfd8 22.
Qc3 Rd7 23. h5 Rcd8 24. Qb4 Qxb4 25. axb4 Bb7 26. Kh2 Nxd4 27. Nxd4 Rxd4 28.
Rxd4 Rxd4 29. Rc1 Rd2 30. Bf1 0-1

[Event "Open de la Loire 2010-2011"]
[Site "Loire"]
[Date "2010.11.06"]
[Round "1.3"]
[White "Buisine, Roman"]
[Black "Rasle, Corentin"]
[Result "1-0"]
[WhiteElo "1740"]
[BlackElo "1460"]
[PlyCount "35"]
[EventDate "2010.??.??"]

1. e4 e6 2. d4 d5 3. e5 c5 4. dxc5 Bxc5 5. Nf3 Nc6 6. Bd3 Qb6 7. O-O Nge7 8.
Nc3 Bd7 9. Na4 Qa5 10. Nxc5 Qxc5 11. Re1 O-O 12. Ng5 g6 13. Nf3 Kh8 14. Bh6
Rfc8 15. Ng5 Be8 16. Qf3 Ng8 17. Qh3 Nb4 $11 18. Bf8 1-0

[Event "Open de la Loire 2010-2011"]
[Site "Loire"]
[Date "2010.11.06"]
[Round "1.4"]
[White "Liogier, Pascal"]
[Black "Carteron, Olivier"]
[Result "1-0"]
[WhiteElo "1450"]
[BlackElo "1630"]
[PlyCount "41"]
[EventDate "2010.??.??"]

1. c4 Nf6 2. g3 c6 3. Bg2 d5 4. cxd5 cxd5 5. Nf3 Nc6 6. d3 e6 7. O-O Bd6 8. Nc3
a6 9. e4 dxe4 10. dxe4 O-O 11. a3 Rb8 12. Qc2 Bd7 13. Rd1 Qc7 14. Ne2 e5 15.
Bg5 Ne8 16. Rac1 f6 17. Be3 Be6 18. Nh4 Qf7 19. Qb1 Bc7 20. Nf5 g6 21. Nh6+ 1-0

[Event "Open de la Loire 2010-2011"]
[Site "Loire"]
[Date "2010.11.06"]
[Round "1.5"]
[White "Rasle, Jean-Michel"]
[Black "Megnot, Philippe"]
[Result "1-0"]
[WhiteElo "1620"]
[BlackElo "1440"]
[PlyCount "69"]
[EventDate "2010.??.??"]

1. d4 d5 2. c4 c6 3. Nc3 Nf6 4. Nf3 g6 5. Bg5 Bg7 6. h3 Nbd7 7. e3 O-O 8. Bd3
h6 9. Bf4 Re8 10. O-O Qb6 11. Qc2 Qa5 12. Rfe1 Nh5 13. Be5 Nxe5 14. Nxe5 Bxe5
15. dxe5 dxc4 16. Bxc4 Qxe5 17. Qxg6+ Qg7 18. Bxf7+ Kh8 19. Bxe8 Qxg6 20. Bxg6
Nf6 21. Rad1 Be6 22. a3 Rg8 23. Be4 Bxh3 24. Bf3 h5 25. Rd4 Be6 26. Red1 h4 27.
Rxh4+ Kg7 28. Ne4 Nxe4 29. Bxe4 a6 30. Rh7+ Kf6 31. g3 Bg4 32. f3 Be6 33. Kf2
Rc8 34. f4 b5 35. Rdh1 1-0

[Event "Open de la Loire 2010-2011"]
[Site "Loire"]
[Date "2010.11.06"]
[Round "1.6"]
[White "Mialon, Franck"]
[Black "Moleins, Jean-Pierre"]
[Result "0-1"]
[WhiteElo "1440"]
[BlackElo "1590"]
[PlyCount "30"]
[EventDate "2010.??.??"]

1. e4 e5 2. d4 c6 3. Nf3 d6 4. Bc4 Bg4 5. Qd3 Be7 6. O-O Nf6 7. Qb3 O-O 8. Ng5
d5 9. Qxb7 Nbd7 10. exd5 cxd5 11. Bxd5 Nxd5 12. Qxd5 Bxg5 13. Bxg5 Qxg5 14.
dxe5 Nxe5 15. Re1 Nf3+ 0-1

[Event "Open de la Loire 2010-2011"]
[Site "Loire"]
[Date "2010.11.06"]
[Round "1.7"]
[White "Desassis, Jean-Francois"]
[Black "Boeuf, Jean-Julien"]
[Result "1-0"]
[WhiteElo "1570"]
[BlackElo "1420"]
[PlyCount "79"]
[EventDate "2010.??.??"]

1. c4 Nf6 2. Nc3 g6 3. Nf3 Bg7 4. g3 O-O 5. Bg2 d6 6. d4 c6 7. O-O Qc7 8. Bf4
Nh5 9. Bd2 Bg4 10. Be3 Na6 11. Qd2 c5 12. Nd5 Qd7 13. Bh6 Rfc8 14. Bxg7 Nxg7
15. b3 Bh3 16. Qh6 Bxg2 17. Kxg2 Nf5 18. Qh3 Rd8 19. g4 Nxd4 20. Ng5 h5 21. Qe3
Qxg4+ 22. Kh1 Qxe2 23. Nxe7+ Kg7 24. Rae1 Qxe3 25. fxe3 f6 26. Nh3 Nc2 27. Re2
Nab4 28. Rg1 Kf7 29. Nxg6 Re8 30. Rg3 Nd4 31. Rf2 Ne6 32. Rf5 Ng7 33. Rf2 Nd3
34. Rd2 Ne5 35. Ngf4 Rad8 36. Nd5 Ng4 37. Rf3 f5 38. Ng5+ Kg6 39. Nh3 Ne5 40.
Rg2+ 1-0

[Event "Open de la Loire 2010-2011"]
[Site "Loire"]
[Date "2010.11.06"]
[Round "1.8"]
[White "Jandeau, Cyril"]
[Black "Mazet, Christian"]
[Result "1-0"]
[WhiteElo "1420"]
[BlackElo "1570"]
[PlyCount "53"]
[EventDate "2010.??.??"]

1. e4 c5 2. Nc3 e6 3. Bc4 Nc6 4. f4 a6 5. a3 b5 6. Ba2 Bb7 7. d3 g6 8. Nf3 Bg7
9. O-O Nge7 10. Qe1 Nd4 11. Nxd4 cxd4 12. Ne2 Qc7 13. Bb3 O-O 14. Qf2 Nc6 15.
Qh4 Qd8 16. Qh3 d5 17. f5 Bc8 18. Bh6 exf5 19. Bxg7 Kxg7 20. exd5 f4 21. Qf3
Ne7 22. d6 Ra7 23. dxe7 Rxe7 24. Nxf4 Re3 25. Qf2 Bb7 26. Rae1 Qg5 27. Ne6+ 1-0

[Event "Open de la Loire 2010-2011"]
[Site "Loire"]
[Date "2010.11.06"]
[Round "1.9"]
[White "Volay, Pascal"]
[Black "Martin, Julien"]
[Result "1/2-1/2"]
[WhiteElo "1570"]
[BlackElo "1410"]
[PlyCount "47"]
[EventDate "2010.??.??"]

1. d4 d5 2. Nf3 e6 3. e3 Nf6 4. c4 c6 5. a3 Be7 6. Bd2 O-O 7. Bd3 Ne4 8. b4 Nd7
9. Nc3 Ndf6 10. c5 a5 11. Nxe4 dxe4 12. Bxe4 Nxe4 13. O-O Nxd2 14. Qxd2 axb4
15. axb4 Rxa1 16. Rxa1 Qd5 17. Qc2 g6 18. Ra8 Qd7 19. Ne5 Qd5 20. h3 f6 21.
Nxg6 hxg6 22. Qxg6+ Kh8 23. Qh6+ Kg8 24. Qg6+ 1/2-1/2

[Event "Open de la Loire 2010-2011"]
[Site "Loire"]
[Date "2010.11.06"]
[Round "1.10"]
[White "Rogues, Jean-Luc"]
[Black "Trottet, Francois"]
[Result "1-0"]
[WhiteElo "1390"]
[BlackElo "1530"]
[PlyCount "75"]
[EventDate "2010.??.??"]

1. d4 Nf6 2. c4 d5 3. Nc3 Nc6 4. e3 a6 5. Bd3 e6 6. Nge2 Bb4 7. a3 Be7 8. O-O
O-O 9. Qc2 h6 10. c5 e5 11. Bf5 e4 12. Bxc8 Qxc8 13. Nf4 Qf5 14. Qb3 Na5 15.
Qb4 b6 16. Qa4 Rfb8 17. b4 Nc4 18. Qc6 bxc5 19. Ncxd5 Bd6 20. dxc5 Bxf4 21.
Ne7+ Kh7 22. Nxf5 Ne5 23. Qa4 Bg5 24. Bb2 Nd3 25. Bxf6 Bxf6 26. Rad1 Nb2 27.
Qc6 Nxd1 28. Rxd1 Rd8 29. Nd4 Re8 30. Qxc7 Re7 31. Qc6 Rb8 32. Nf5 Re6 33. Qd5
Rd8 34. Qxd8 Bxd8 35. Rxd8 g6 36. Rd6 gxf5 37. Rxe6 fxe6 38. c6 1-0

[Event "Open de la Loire 2010-2011"]
[Site "Loire"]
[Date "2010.11.06"]
[Round "1.11"]
[White "Joly, Christian"]
[Black "Richard, Nicolas"]
[Result "1-0"]
[WhiteElo "1500"]
[BlackElo "1350"]
[PlyCount "75"]
[EventDate "2010.??.??"]

1. d4 d5 2. Nf3 Nc6 3. Bf4 Bf5 4. e3 Nf6 5. b3 e6 6. c4 Bd6 7. Bg3 O-O 8. Be2
g6 9. O-O Bxg3 10. fxg3 Ng4 11. Qd2 Be4 12. Nc3 Bxf3 13. Bxf3 Qg5 14. Rae1 Rae8
15. Qc1 e5 16. Bxd5 exd4 17. Ne4 Qe5 18. exd4 Qxd4+ 19. Kh1 Nb4 20. Rd1 Qb6 21.
h3 Ne3 22. c5 Qa6 23. Qxe3 Nxd5 24. Qf3 Qe6 25. Ng5 Qd7 26. Rxd5 Qe7 27. h4 f6
28. Nh3 c6 29. Rd6 g5 30. b4 Kg7 31. Rfd1 Rf7 32. Qh5 Qe4 33. hxg5 Qe5 34.
gxf6+ Rxf6 35. Qxe5 Rxe5 36. Rd7+ Rf7 37. Rxf7+ Kxf7 38. Rd7+ 1-0

+ Kxf7 38. Rd7+ 1-0

[Event "Open de la Loire 2010-2011"]
[Site "Loire"]
[Date "2010.11.06"]
[Round "1.12"]
[White "Swietlicki, Jordan"]
[Black "Barrandon, Georges"]
[Result "1-0"]
[WhiteElo "1340"]
[BlackElo "1499"]
[PlyCount "59"]
[EventDate "2010.??.??"]

1. e4 e5 2. d3 Bc5 3. Nf3 Nc6 4. Be2 d6 5. O-O h6 6. Be3 Bb6 7. Bxb6 axb6 8.
Nc3 Nf6 9. h3 Be6 10. d4 exd4 11. Nxd4 Bd7 12. f4 O-O 13. Bf3 Qc8 14. Nd5 Nxd5
15. exd5 Ne7 16. Be4 c5 17. Ne2 Nf5 18. Qd2 Re8 19. Nc3 b5 20. Bxf5 Bxf5 21.
Nxb5 Qd7 22. c4 Re4 23. b3 Rae8 24. g4 Re2 25. Qc3 Bxg4 26. Qg3 Bxh3 27. Rf2
Rxf2 28. Kxf2 Bg4 29. Nxd6 Re2+ 30. Kf1 1-0

[Event "Open de la Loire 2010-2011"]
[Site "Loire"]
[Date "2010.11.06"]
[Round "1.13"]
[White "Benakila, Samir"]
[Black "Daillere, Roland"]
[Result "1-0"]
[WhiteElo "1499"]
[BlackElo "1320"]
[PlyCount "75"]
[EventDate "2010.??.??"]

1. e4 d5 2. e5 c5 3. d4 cxd4 4. Nf3 Bg4 5. h3 Bh5 6. g4 Bg6 7. Nxd4 e6 8. Bb5+
Nd7 9. c3 a6 10. Ba4 b5 11. Bb3 Nxe5 12. Qe2 Nd3+ 13. Kd1 Bc5 14. Be3 Nxb2+ 15.
Qxb2 Nf6 16. Nd2 O-O 17. Bc2 Ne4 18. Nxe4 Bxe4 19. Bxe4 dxe4 20. Qd2 e5 21. Nc6
Qxd2+ 22. Kxd2 Bxe3+ 23. Kxe3 Rac8 24. Ne7+ Kh8 25. Nxc8 Rxc8 26. Rad1 h6 27.
Kxe4 f6 28. Rc1 Kh7 29. Rhd1 Rc4+ 30. Ke3 Kg6 31. f3 Ra4 32. Rd2 Kg5 33. Rh1
Rc4 34. h4+ Kg6 35. h5+ Kg5 36. Rd3 Ra4 37. Rd7 g6 38. Rg7 1-0

[Event "Open de la Loire 2010-2011"]
[Site "Loire"]
[Date "2010.11.06"]
[Round "1.14"]
[White "Boeuf, Jeremy"]
[Black "Febvret, Olivier"]
[Result "1-0"]
[WhiteElo "1180"]
[BlackElo "1499"]
[PlyCount "43"]
[EventDate "2010.??.??"]

1. e4 e5 2. f4 d6 3. Nf3 Nc6 4. Bb5 Bd7 5. Nc3 Nf6 6. d4 Nxd4 7. Bxd7+ Qxd7 8.
Nxd4 exd4 9. Qxd4 c6 10. Be3 b6 11. O-O-O Rd8 12. e5 dxe5 13. Qxe5+ Qe7 14.
Rxd8+ Kxd8 15. Qb8+ Kd7 16. Qxa7+ Kc8 17. Qxe7 Bxe7 18. Bxb6 Kb7 19. Be3 Re8
20. Rd1 Rd8 21. Rxd8 Bxd8 22. Bd4 1-0

[Event "Open de la Loire 2010-2011"]
[Site "Loire"]
[Date "2010.11.06"]
[Round "1.15"]
[White "Piper, Stephane"]
[Black "Choquelle, Jean"]
[Result "1-0"]
[WhiteElo "1499"]
[BlackElo "1110"]
[PlyCount "47"]
[EventDate "2010.??.??"]

1. e4 Nc6 2. Nf3 d6 3. Nc3 e5 4. Bc4 Be6 5. Bxe6 fxe6 6. d4 Qf6 7. d5 Nce7 8.
Ng5 h6 9. Nxe6 Rc8 10. O-O Qg6 11. f4 Nf6 12. fxe5 Nxe4 13. Qf3 Ng5 14. Bxg5
hxg5 15. Nxf8 Qh6 16. Qf7+ Kd8 17. Ne6+ Kd7 18. Nxg7 Qxh2+ 19. Kf2 Qh4+ 20. Ke2
Qg4+ 21. Qf3 Qc4+ 22. Ke1 Ng6 23. e6+ Ke7 24. Qf7+ 1-0

[Event "Open de la Loire 2010-2011"]
[Site "Loire"]
[Date "2010.11.06"]
[Round "1.16"]
[White "Marie, Michel"]
[Black "Ben Habchi, Nordine"]
[Result "0-1"]
[WhiteElo "1100"]
[BlackElo "1490"]
[PlyCount "48"]
[EventDate "2010.??.??"]

1. e4 c6 2. Nf3 d5 3. Bd3 Bg4 4. O-O dxe4 5. Bxe4 e5 6. Qe1 Nd7 7. d4 f5 8.
Nxe5 Nxe5 9. dxe5 fxe4 10. Qxe4 Be6 11. Nc3 Bc5 12. b4 Bb6 13. b5 Ne7 14. Qf3
Qc7 15. Re1 O-O-O 16. Bg5 Rdf8 17. Qg3 Bxf2+ 18. Qxf2 Rxf2 19. Kxf2 Nf5 20.
Rad1 h6 21. Bc1 Rf8 22. Ba3 Qb6+ 23. Kf3 Nh4+ 24. Kg3 Qf2# 0-1

[Event "Open de la Loire 2010-2011"]
[Site "Loire"]
[Date "2010.11.06"]
[Round "1.17"]
[White "Doran, Niall"]
[Black "Victoria, Philippe"]
[Result "1-0"]
[WhiteElo "1480"]
[BlackElo "1040"]
[PlyCount "49"]
[EventDate "2010.??.??"]

1. e4 e6 2. d4 d5 3. Nc3 Ne7 4. Nf3 g6 5. Bg5 Nbc6 6. Be2 Bg7 7. e5 O-O 8. h4
h6 9. Bf4 f6 10. Qd2 Na5 11. Bxh6 Nc4 12. Bxc4 dxc4 13. Bxg7 Kxg7 14. O-O-O
fxe5 15. Nxe5 Nc6 16. Nxc6 bxc6 17. Ne4 Bb7 18. Nc5 Qd5 19. Nxb7 Qxg2 20. Rdf1
c5 21. Nxc5 Rad8 22. Nxe6+ Kf6 23. Nxd8 Rxd8 24. Qg5+ Qxg5+ 25. hxg5+ 1-0

[Event "Open de la Loire 2010-2011"]
[Site "Loire"]
[Date "2010.11.06"]
[Round "2.1"]
[White "Piper, Stephane"]
[Black "Longueville, Thomas"]
[Result "0-1"]
[WhiteElo "1499"]
[BlackElo "1788"]
[PlyCount "26"]
[EventDate "2010.??.??"]

1. e4 e6 2. Nc3 d5 3. e5 c5 4. Nf3 Bd7 5. g3 Qc7 6. Bg2 Bc6 7. O-O d4 8. Ne2
Nd7 9. d3 Bxf3 10. Bxf3 Nxe5 11. Bf4 Nxf3+ 12. Kg2 Qc6 13. Nc1 Ne1+ 0-1

[Event "Open de la Loire 2010-2011"]
[Site "Loire"]
[Date "2010.11.06"]
[Round "2.2"]
[White "Walter, Alain"]
[Black "Doran, Niall"]
[Result "1-0"]
[WhiteElo "1750"]
[BlackElo "1480"]
[PlyCount "90"]
[EventDate "2010.??.??"]

1. d4 Nf6 2. c4 g6 3. Nc3 Bg7 4. Nf3 O-O 5. e4 d6 6. Be2 e5 7. d5 a5 8. h3 Na6
9. Be3 Nd7 10. O-O f5 11. exf5 gxf5 12. Bg5 Qe8 13. Re1 f4 14. Bd3 Ndc5 15. Be4
Nxe4 16. Nxe4 Bf5 17. Bxf4 Bxe4 18. Rxe4 Rxf4 19. Rxf4 exf4 20. Qc2 Qg6 21. Qd2
Nc5 22. Re1 b6 23. b3 Bf6 24. Kh1 Ne4 25. Qe2 Re8 26. Kg1 Bd4 27. Nxd4 Nf6 28.
Ne6 Re7 29. Qf3 Nh5 30. Re2 Rf7 31. Nd8 Qb1+ 32. Kh2 Rf6 33. Nc6 Qg6 34. Ne7+
Kg7 35. Nxg6 hxg6 36. Re7+ Rf7 37. Rxf7+ Kxf7 38. g4 Nf6 39. Qxf4 Kg7 40. h4
Nd7 41. g5 Ne5 42. Qf6+ Kh7 43. Qe7+ Kg8 44. Kg3 Nf7 45. Qxc7 Ne5 1-0

[Event "Open de la Loire 2010-2011"]
[Site "Loire"]
[Date "2010.11.06"]
[Round "2.3"]
[White "Ben Habchi, Nordine"]
[Black "Buisine, Roman"]
[Result "0-1"]
[WhiteElo "1490"]
[BlackElo "1740"]
[PlyCount "70"]
[EventDate "2010.??.??"]

1. e4 e5 2. Nf3 Nc6 3. Bc4 Nf6 4. d3 Be7 5. Be3 O-O 6. Nbd2 d5 7. exd5 Nxd5 8.
O-O Nxe3 9. fxe3 Bc5 10. Qe2 Bg4 11. Kh1 Qe7 12. c3 Rad8 13. e4 Rd7 14. Rad1
Rfd8 15. Nb3 Bb6 16. Bd5 Rd6 17. Qd2 Kh8 18. Rde1 f6 19. d4 exd4 20. Nbxd4 Nxd4
21. cxd4 c6 22. e5 Rxd5 23. exf6 Qc7 24. Re7 R5d7 25. fxg7+ Kg8 26. Re4 Bxf3
27. Rxf3 Rxg7 28. Ref4 Qe7 29. h3 Bc7 30. Re3 Qd6 31. Ref3 Qg6 32. Qd1 Bxf4 33.
Qb3+ Kh8 34. g4 Bd6 35. Kg2 Rf8 0-1

[Event "Open de la Loire 2010-2011"]
[Site "Loire"]
[Date "2010.11.06"]
[Round "2.4"]
[White "Liogier, Pascal"]
[Black "Rasle, Jean-Michel"]
[Result "0-1"]
[WhiteElo "1450"]
[BlackElo "1620"]
[PlyCount "56"]
[EventDate "2010.??.??"]

1. c4 Nf6 2. g3 g6 3. Bg2 Bg7 4. Nc3 c5 5. e3 O-O 6. Nge2 Nc6 7. O-O d6 8. d3
Bg4 9. a3 e5 10. f3 Be6 11. e4 Qd7 12. Be3 Kh8 13. Qc2 Ng8 14. Rf2 Nd4 15. Qa4
Qxa4 16. Nxa4 Nc2 17. Bxc5 Nxa1 18. Bxd6 Rfd8 19. c5 Nb3 20. f4 Nxc5 21. Bxc5
Rxd3 22. Bb4 Rd1+ 23. Bf1 Bh3 24. Nac3 Ra1 25. Nd5 Nh6 26. Ne3 Rd8 27. Nc3 Rd3
28. Rf3 Rxe3 0-1

[Event "Open de la Loire 2010-2011"]
[Site "Loire"]
[Date "2010.11.06"]
[Round "2.5"]
[White "Moleins, Jean-Pierre"]
[Black "Jandeau, Cyril"]
[Result "1-0"]
[WhiteElo "1590"]
[BlackElo "1420"]
[PlyCount "58"]
[EventDate "2010.??.??"]

1. c3 Nf6 2. d4 c6 3. Nd2 d5 4. Ngf3 Bf5 5. Nh4 Bg6 6. Nxg6 hxg6 7. Qc2 e6 8.
Nf3 Bd6 9. Bg5 Qc7 10. O-O-O Ne4 11. Be3 Bf4 12. Bxf4 Qxf4+ 13. e3 Qf5 14. Bd3
Nd7 15. Rhf1 O-O-O 16. Nd2 Qf6 17. Bxe4 dxe4 18. Nxe4 Qe7 19. f4 f5 20. Ng5 Nb6
21. Qb3 Nd5 22. c4 Nf6 23. Nf3 Ng4 24. h3 Nf6 25. Ne5 Qe8 26. c5 Nd7 27. Nc4
Kc7 28. Nd6 Nxc5 29. Nxe8+ Rhxe8 1-0

[Event "Open de la Loire 2010-2011"]
[Site "Loire"]
[Date "2010.11.06"]
[Round "2.6"]
[White "Rogues, Jean-Luc"]
[Black "Desassis, Jean-Francois"]
[Result "0-1"]
[WhiteElo "1390"]
[BlackElo "1570"]
[PlyCount "106"]
[EventDate "2010.??.??"]

1. d4 Nf6 2. c4 e5 3. d5 Bc5 4. e3 d6 5. Nc3 O-O 6. Be2 c6 7. a3 a6 8. b4 Ba7
9. Bf3 Nbd7 10. Nge2 c5 11. O-O b5 12. Qb3 bxc4 13. Qxc4 Nb6 14. Qd3 c4 15. Qc2
Re8 16. e4 Bd7 17. Bg5 h6 18. Bxf6 Qxf6 19. Ng3 Nc8 20. Qe2 Bd4 21. Rac1 Nb6
22. Bg4 Bb5 23. Qf3 Qxf3 24. Bxf3 Rac8 25. Nf5 Bxc3 26. Nxd6 Bd2 27. Rc2 c3 28.
Rd1 Ba4 29. Rdxd2 cxd2 30. Rxc8 Rxc8 31. Nxc8 Nxc8 32. Kf1 d1=Q+ 33. Bxd1 Bxd1
34. Ke1 Bb3 35. Kd2 Kf8 36. Kc3 Ba4 37. Kc4 Ke7 38. Kc5 Bb5 39. g3 Kd7 40. f4
Nd6 41. fxe5 Nxe4+ 42. Kd4 Nd2 43. h4 Nc4 44. Ke4 Nxa3 45. Kf5 Bd3+ 46. Kf4 Nc2
47. g4 Nxb4 48. Ke3 Bc4 49. d6 a5 50. Kd4 Bd5 51. g5 hxg5 52. hxg5 a4 53. Kc3
a3 0-1

[Event "Open de la Loire 2010-2011"]
[Site "Loire"]
[Date "2010.11.06"]
[Round "2.7"]
[White "Swietlicki, Jordan"]
[Black "Joly, Christian"]
[Result "0-1"]
[WhiteElo "1340"]
[BlackElo "1500"]
[PlyCount "72"]
[EventDate "2010.??.??"]

1. e4 d6 2. d4 Nf6 3. Nc3 g6 4. Nf3 Bg7 5. Be2 O-O 6. O-O Na6 7. Bf4 c5 8. d5
Nc7 9. Rb1 a6 10. Qd2 b5 11. Bh6 b4 12. Bxg7 bxc3 13. Qxc3 Kxg7 14. Bc4 Kg8 15.
Rfe1 Bd7 16. b4 Rb8 17. a3 Nb5 18. Qa1 Qc7 19. a4 cxb4 20. Rxb4 Ra8 21. Qb2 Na7
22. Bxa6 Nc8 23. Bb5 Bxb5 24. axb5 Nb6 25. Qb3 Rfc8 26. e5 Nfxd5 27. exd6 exd6
28. Rbe4 Qd7 29. c4 Nf6 30. Re7 Qf5 31. c5 Nbd5 32. Nd4 Qf4 33. Ne2 Qd2 34. Kf1
Nxe7 35. cxd6 Qxd6 36. b6 Rab8 0-1

[Event "Open de la Loire 2010-2011"]
[Site "Loire"]
[Date "2010.11.06"]
[Round "2.8"]
[White "Boeuf, Jeremy"]
[Black "Benakila, Samir"]
[Result "1/2-1/2"]
[WhiteElo "1180"]
[BlackElo "1499"]
[PlyCount "45"]
[EventDate "2010.??.??"]

1. e4 d6 2. f4 Nf6 3. e5 dxe5 4. fxe5 Nd5 5. Bc4 e6 6. d4 g6 7. Nf3 Bg7 8. Qd2
O-O 9. Nc3 c6 10. Nxd5 cxd5 11. Bb3 Nd7 12. O-O b6 13. a3 Bb7 14. Qg5 f6 15.
exf6 Rxf6 16. Qe3 Qf8 17. Bd2 Re8 18. Ng5 Ba6 19. Rxf6 Qxf6 20. Bxd5 Rf8 21.
Qxe6+ Kh8 22. Nf7+ Kg8 23. Nh6+ $11 1/2-1/2

[Event "Open de la Loire 2010-2011"]
[Site "Loire"]
[Date "2010.11.06"]
[Round "2.9"]
[White "Carteron, Olivier"]
[Black "Volay, Pascal"]
[Result "1-0"]
[WhiteElo "1630"]
[BlackElo "1570"]
[PlyCount "107"]
[EventDate "2010.??.??"]

1. e4 e5 2. Nf3 Nc6 3. Bc4 Bc5 4. c3 Nf6 5. d4 exd4 6. cxd4 Bb4+ 7. Nbd2 d6 8.
O-O Bxd2 9. Qxd2 O-O 10. Qe2 h6 11. h3 Re8 12. e5 dxe5 13. dxe5 Qe7 14. Re1 Nh7
15. Bf4 a6 16. Rad1 Be6 17. Bd3 Rad8 18. Qe4 g6 19. Bxh6 Bf5 20. Qe3 Bxd3 21.
Rxd3 Nf8 22. Bg5 Rxd3 23. Qxd3 Rd8 24. Qxd8 Qxd8 25. Bxd8 Nxd8 26. Rd1 Nfe6 27.
Rd7 Kf8 28. Rd1 Ke7 29. Nd4 Nxd4 30. Rxd4 Nc6 31. Re4 Ke6 32. f4 Kf5 33. Rc4
Ke6 34. g3 Kd7 35. Kg2 b5 36. Rc3 Ne7 37. g4 Ke8 38. Rxc7 Nd5 39. Ra7 Nxf4+ 40.
Kg3 Nd3 41. Rxa6 Nxb2 42. Rb6 Nc4 43. Rxb5 Ke7 44. a4 Ke6 45. Kf4 g5+ 46. Kxg5
Nxe5 47. a5 Nc6 48. Rb6 Kd7 49. a6 Kc7 50. Rb7+ Kc8 51. Rxf7 Kb8 52. a7+ Nxa7
53. Rxa7 Kxa7 54. Kf6 1-0

[Event "Open de la Loire 2010-2011"]
[Site "Loire"]
[Date "2010.11.06"]
[Round "2.10"]
[White "Martin, Julien"]
[Black "Mazet, Christian"]
[Result "1/2-1/2"]
[WhiteElo "1410"]
[BlackElo "1570"]
[PlyCount "76"]
[EventDate "2010.??.??"]

1. e4 c5 2. Nf3 e6 3. d4 cxd4 4. Nxd4 Nc6 5. Nxc6 bxc6 6. Bd3 Bc5 7. O-O e5 8.
Qg4 Nf6 9. Qg3 d6 10. Nd2 Nh5 11. Qf3 Nf4 12. Nc4 Qf6 13. Bxf4 exf4 14. c3 Be6
15. e5 Qd8 16. Qxc6+ Ke7 17. exd6+ Bxd6 18. Rfe1 Qc7 19. Qxd6+ Qxd6 20. Nxd6
Kxd6 21. Rad1 Kc7 22. a4 Rae8 23. Re4 g5 24. Rb4 Rd8 25. Rb5 h6 26. f3 Rd6 27.
Be2 Rxd1+ 28. Bxd1 Rd8 29. Be2 Rd2 30. Kf2 Kc6 31. Ke1 Rxe2+ 32. Kxe2 Bc4+ 33.
Kd2 Bxb5 34. axb5+ Kxb5 35. Kc2 f5 36. Kb3 g4 37. c4+ Kc5 38. Kc3 a5 1/2-1/2

[Event "Open de la Loire 2010-2011"]
[Site "Loire"]
[Date "2010.11.06"]
[Round "2.11"]
[White "Trottet, Francois"]
[Black "Mialon, Franck"]
[Result "0-1"]
[WhiteElo "1530"]
[BlackElo "1440"]
[PlyCount "62"]
[EventDate "2010.??.??"]

1. e4 e5 2. Nf3 Nc6 3. Bb5 a6 4. Ba4 Nf6 5. O-O d6 6. Re1 Be7 7. d4 exd4 8.
Qxd4 O-O 9. Qc3 Bd7 10. Bb3 d5 11. exd5 Bb4 12. Qd3 Bxe1 13. dxc6 Bxc6 14. Nxe1
Qe7 15. Bd2 Rad8 16. Qc3 Ne4 17. Qe3 Qh4 18. Nd3 Rde8 19. Nc3 Nxc3 20. Ne5 Nd5
21. Bxd5 Bxd5 22. Qc3 Qe4 23. Nf3 Qg6 24. Nh4 Qg4 25. g3 g5 26. f3 Qh3 27. Bxg5
Re2 28. Be3 Qxh2+ 29. Kf1 Bxf3 30. Qe5 Qh1+ 31. Bg1 Rxe5 0-1

[Event "Open de la Loire 2010-2011"]
[Site "Loire"]
[Date "2010.11.06"]
[Round "2.12"]
[White "Barrandon, Georges"]
[Black "Boeuf, Jean-Julien"]
[Result "1/2-1/2"]
[WhiteElo "1499"]
[BlackElo "1420"]
[PlyCount "105"]
[EventDate "2010.??.??"]

1. e4 Nf6 2. Nc3 d5 3. d3 dxe4 4. dxe4 Qxd1+ 5. Kxd1 a6 6. Bg5 h6 7. Bh4 Bd7 8.
Kd2 Nc6 9. Rd1 O-O-O 10. Kc1 g5 11. Bg3 Nh5 12. Bc4 Nxg3 13. hxg3 Ne5 14. Be2
Bg7 15. Nd5 Rhe8 16. Nf3 Nxf3 17. gxf3 e6 18. Ne3 f5 19. exf5 exf5 20. Bd3 Rf8
21. Rd2 f4 22. gxf4 Rxf4 23. Be2 Bc6 24. Ng2 Bxb2+ 25. Kxb2 Rxd2 26. Nxf4 gxf4
27. Bd3 Rxf2 28. Rxh6 Rxf3 29. Bxa6 Re3 30. Bd3 Be4 31. Bxe4 Rxe4 32. Rf6 Kd7
33. Kc3 Ke7 34. Rf5 Ke6 35. Rf8 Ke5 36. Kd3 Ra4 37. Re8+ Kf5 38. Rf8+ Kg4 39.
Rg8+ Kf3 40. Rg7 Kf2 41. Rxc7 f3 42. Rxb7 Kg2 43. Rb1 f2 44. c4 f1=Q+ 45. Rxf1
Kxf1 46. Kd4 Ke2 47. Kd5 Rxa2 48. c5 Ra5 49. Kd6 Ra6+ 50. c6 Ra3 51. c7 Rd3+
52. Kc6 Rc3+ 53. Kb7 1/2-1/2

[Event "Open de la Loire 2010-2011"]
[Site "Loire"]
[Date "2010.11.06"]
[Round "2.13"]
[White "Febvret, Olivier"]
[Black "Richard, Nicolas"]
[Result "1-0"]
[WhiteElo "1499"]
[BlackElo "1350"]
[PlyCount "51"]
[EventDate "2010.??.??"]

1. e4 e5 2. Nf3 Nc6 3. Nc3 Nf6 4. Bb5 d6 5. d4 exd4 6. Bxc6+ bxc6 7. Nxd4 c5 8.
Nf5 g6 9. Ng3 Bg7 10. Bg5 O-O 11. O-O h6 12. Bxf6 Bxf6 13. Rb1 Be5 14. Nd5 c6
15. Ne3 Qg5 16. Qd3 a5 17. c4 Rd8 18. Ne2 Bh3 19. f4 Qh5 20. gxh3 Bf6 21. Kg2
Bh4 22. Ng3 Bxg3 23. hxg3 g5 24. Ng4 Qg6 25. f5 Qh7 26. Nf6+ 1-0

[Event "Open de la Loire 2010-2011"]
[Site "Loire"]
[Date "2010.11.06"]
[Round "2.14"]
[White "Allabrune, Guillaume"]
[Black "Daillere, Roland"]
[Result "1-0"]
[WhiteElo "1460"]
[BlackElo "1320"]
[PlyCount "99"]
[EventDate "2010.??.??"]

1. e4 d5 2. exd5 Qxd5 3. Nc3 Qa5 4. Nf3 e5 5. d4 Bg4 6. Be2 Nc6 7. O-O O-O-O 8.
Bd2 exd4 9. Nb5 Bb4 10. Bxb4 Qxb4 11. Qd3 Bxf3 12. Bxf3 a6 13. Bxc6 axb5 14.
Qxb5 Qxb5 15. Bxb5 Nf6 16. Bc4 Nd5 17. Rad1 Nb4 18. Bxf7 Nxc2 19. Rd2 Nb4 20.
Rfd1 Nc6 21. Bc4 Rd6 22. Bb5 Rhd8 23. a4 Na5 24. Re2 c6 25. Bd3 h5 26. Re7 g5
27. b4 Nb3 28. Bc4 Na1 29. Rxa1 d3 30. Rd1 d2 31. b5 cxb5 32. Bxb5 b6 33. Re8
Rxe8 34. Bxe8 Re6 35. Bd7+ Kxd7 36. Rxd2+ Kc7 37. Kf1 Kb7 38. Rd5 Rc6 39. Rxg5
Rc1+ 40. Ke2 Rc2+ 41. Kf3 Rc3+ 42. Kf4 Rc4+ 43. Kg3 h4+ 44. Kh3 Rxa4 45. Rg4 b5
46. f4 b4 47. f5 Ra3+ 48. Kxh4 b3 49. f6 b2 50. Rb4+ 1-0